| 000 | 00761cam a2200241 a 4500 | ||
|---|---|---|---|
| 999 |
_c8180 _d8180 |
||
| 003 | OSt | ||
| 005 | 20200810124627.0 | ||
| 008 | 991027s2000 gw a b 000 0 eng | ||
| 010 | _a 99056374 | ||
| 020 | _a354064976X | ||
| 040 |
_aDLC _cDLC _dDLC |
||
| 042 | _apcc | ||
| 050 | 0 | 0 |
_aQA76.9.A73 _bA734 2000 |
| 082 | 0 | 0 |
_a004.2/2 _221 _bBOR |
| 245 | 0 | 0 |
_aArchitecture design and validation methods / _cEgon Börger (ed.). |
| 260 |
_aBerlin ; _aNew York : _bSpringer, _cc2000. |
||
| 300 |
_aviii, 357 p. : _bill. ; _c24 cm. |
||
| 504 | _aIncludes bibliographical references. | ||
| 650 | 0 | _aComputer architecture. | |
| 650 | 0 |
_aIntegrated circuits _xVery large scale integration _xDesign and construction. |
|
| 700 | 1 |
_aBörger, E. _q(Egon), _d1946- |
|
| 942 | _2ddc | ||